000 00292nam a22001337a 4500
008 180228b xxu||||| |||| 00| 0 eng d
020 _a9781556644306
041 _aeng
080 _a616
100 _a2
101 _aSHM
245 _aMEDICAL SURGICAL NURSING
_cLEWIS.H
942 _2udc
_cBK
999 _c43705
_d43705